Estadísticas para Campeones de la Copa Libertadores de América

Haz click aquí para intentar la prueba.

Estadísticas generales

  • Esta prueba ha sido intentada 247 veces
  • La puntuación promedio es 56 de 64

Estadísticas de respuestas

AñoCampeón% Correcto
2000Boca Juniors
100%
2001Boca Juniors
100%
2003Boca Juniors
100%
2007Boca Juniors
100%
1978Boca Juniors
100%
1977Boca Juniors
100%
1996River Plate
99%
1986River Plate
99%
2015River Plate
99%
2018River Plate
99%
1975Independiente
98%
1984Independiente
98%
1974Independiente
98%
1973Independiente
98%
1972Independiente
98%
1965Independiente
98%
1964Independiente
98%
2011Santos
95%
1963Santos
95%
1962Santos
95%
2019Flamengo
93%
1981Flamengo
93%
2022Flamengo
93%
2023Fluminense
93%
1967Racing Club
91%
2020Palmeiras
89%
2021Palmeiras
89%
1999Palmeiras
89%
1961Peñarol
88%
1960Peñarol
88%
1966Peñarol
88%
1987Peñarol
88%
1982Peñarol
88%
1991Colo-Colo
86%
1980Nacional
86%
1971Nacional
86%
1988Nacional
86%
1983Grêmio
85%
2017Grêmio
85%
1995Grêmio
85%
2005São Paulo
84%
1992São Paulo
84%
1993São Paulo
84%
2014San Lorenzo
83%
1968Estudiantes
82%
1969Estudiantes
82%
1970Estudiantes
82%
2009Estudiantes
82%
2012Corinthians
79%
1989Atlético Nacional
78%
2016Atlético Nacional
78%
2002Olimpia
77%
1990Olimpia
77%
1979Olimpia
77%
2004Once Caldas
77%
2013Atlético Mineiro
75%
2008Liga de Quito
74%
1994Vélez Sarsfield
74%
2010Internacional
73%
2006Internacional
73%
1985Argentinos Juniors
67%
1998Vasco da Gama
64%
1976Cruzeiro
61%
1997Cruzeiro
61%

Distribución de puntuación

Porcentaje por número respondido

Porcentaje de gente con cada puntuación

Historial de tus puntuaciones

No has intentado esta prueba.